NWSL (National Women's Soccer League) Quiz - Statistics

General Stats
  • This quiz has been taken 518 times
    168 since last reset
  • The average score is 10 of 14
Answer Stats
Answer % Correct
NY/NJ Gotham
86%
Portland Thorns
82%
San Diego Wave
82%
Angel City
81%
Orlando Pride
79%
Washington Spirit
78%
Seattle Reign
77%
Bay FC
70%
Chicago Red Stars
70%
Houston Dash
69%
Kansas City Current
69%
Utah Royals
67%
North Carolina Courage
66%
Racing Louisville
65%
No matching quizzes found
Score Distribution
Percent of People with Each Score
Percentile by Number Answered
Your Score History
You have not taken this quiz since the last reset